Normal view
MARC view
Entry Personal Name
001 - CONTROL NUMBER
- control field: 22773
003 - CONTROL NUMBER IDENTIFIER
- control field: ARRUPE
005 - DATE AND TIME OF LATEST TRANSACTION
- control field: 20160307144946.0
008 - FIXED-LENGTH DATA ELEMENTS
- fixed length control field: 160307|| aca||aabn | a|a d
040 ## - CATALOGING SOURCE
- Original cataloging agency: ARRUPE
- Transcribing agency: ARRUPE
100 ## - HEADING--PERSONAL NAME
- Personal name: Summerskill, Michael
670 ## - SOURCE DATA FOUND
- Source citation: Work cat.: (ARRUPE)47583: Elliott, Florence 22771, A Dictionary of Politics